|
|
|
|
| LEADER |
00000cab a2200000 a 4500 |
| 001 |
034767 |
| 003 |
UAHC_CL |
| 005 |
20170803123803.0 |
| 008 |
050623b xx j 000 1 spa |
| 040 |
|
|
|a UAHC_CL
|c UAHC_CL
|d UAHC_CL
|
| 100 |
1 |
|
|a Antoine Faúndez, Cristi·n
|
| 245 |
1 |
0 |
|a Globalización y cultura :
|b un enfoque de integración y cooperación de dos países, Chile y España /
|c Cristi·n Antoine Faúndez , Tom·s LÛpez-Guzm·n.
|
| 500 |
|
|
|a Información Pública Vol. II , nº 2. Noviembre 2004 (pp. 79-94)
|
| 500 |
|
|
|a Información Pública Vol. II , nº 2. Noviembre 2004 (pp. 79-94)
|
| 500 |
|
|
|a InformaciÛn Pública Vol. II , n∫ 2. Noviembre 2004 (pp. 79-94)
|
| 520 |
|
|
|a Palabras Claves: Políticas Culturales -- Economía -- Mecenazgo -- Cultura -- Globalización
|
| 520 |
|
|
|a Palabras Claves: Políticas Culturales -- Economía -- Mecenazgo -- Cultura -- Globalización
|
| 900 |
|
|
|a INFORMACION PUBLICA-02/04
|
| 942 |
|
|
|c REVA
|
| 952 |
|
|
|0 0
|1 0
|4 0
|6 INFORMACION_PUBLICA02_04_000000000000000
|7 0
|8 General
|9 66175
|a BC
|b BC
|c General
|d 2017-08-03
|l 0
|o INFORMACION PUBLICA-02/04
|p FICTICIO4186
|r 2019-01-08 00:00:00
|t 1
|w 2017-08-03
|y REVA
|
| 999 |
|
|
|c 34767
|d 34767
|